Structural Formula Identifyer Quiz - Statistics

General Stats
  • This quiz has been taken 105 times
  • The average score is 9 of 15
Answer Stats
Picture Answer % Correct
CH4
Methane
89%
CO2
Carbon dioxide
88%
C4H10
Butane
78%
C6H6
Benzene
73%
C3H6
Propene
71%
CH3CHOHCH3
Isopropanol
64%
NH+4
Ammonium (cation)
62%
C7H8
Toluene
55%
SO2−4
Sulfate
55%
CH3CO2H
Acetic Acid
52%
C2H2Cl2
1,1-Dichloroethene
52%
CH2O
Formaldehyde
42%
(C2F4)n
Polytetrafluoroethylene (Teflon)
34%
C4H6
1,3-Butadiene
28%
(C3H3N)n
Polyacrylonitrile
8%
No matching quizzes found
Score Distribution
Percent of People with Each Score
Percentile by Number Answered
Your Score History
You have not taken this quiz